<?xml version="1.0" encoding="UTF-8"?>
<record
    xmlns:xsi="http://www.w3.org/2001/XMLSchema-instance"
    xsi:schemaLocation="http://www.loc.gov/MARC21/slim http://www.loc.gov/standards/marcxml/schema/MARC21slim.xsd"
    xmlns="http://www.loc.gov/MARC21/slim">

  <leader>01884nam a22003137a 4500</leader>
  <datafield tag="999" ind1=" " ind2=" ">
    <subfield code="c">22012</subfield>
    <subfield code="d">22012</subfield>
  </datafield>
  <controlfield tag="003">AR-CdUCM</controlfield>
  <controlfield tag="008">190425b           ||||| |||| 00| 0 spa d</controlfield>
  <datafield tag="040" ind1=" " ind2=" ">
    <subfield code="a">MUNICIPALIDAD PROVINCIAL DEL CUSCO</subfield>
    <subfield code="c">BIBLIOTECA MUNICIPAL DEL CUSCO</subfield>
  </datafield>
  <datafield tag="082" ind1=" " ind2=" ">
    <subfield code="a">LavozMercedaria/N&#xB0;2/1972</subfield>
  </datafield>
  <datafield tag="110" ind1=" " ind2=" ">
    <subfield code="a">Colegio de Las Mercedes</subfield>
    <subfield code="9">47149</subfield>
  </datafield>
  <datafield tag="245" ind1=" " ind2=" ">
    <subfield code="a">La voz mercedaria /</subfield>
    <subfield code="c">Colegio de Las Mercedes</subfield>
  </datafield>
  <datafield tag="260" ind1=" " ind2=" ">
    <subfield code="a">Cusco.</subfield>
    <subfield code="b">Los Andes,</subfield>
    <subfield code="c">1972.</subfield>
  </datafield>
  <datafield tag="300" ind1=" " ind2=" ">
    <subfield code="a">301 p&#xE1;ginas. :</subfield>
    <subfield code="b">ilustraciones ;</subfield>
    <subfield code="c">24 cm.</subfield>
  </datafield>
  <datafield tag="440" ind1=" " ind2=" ">
    <subfield code="a">La voz mercedaria.</subfield>
    <subfield code="n">N&#xB0;2, 1972</subfield>
    <subfield code="9">47150</subfield>
  </datafield>
  <datafield tag="505" ind1=" " ind2=" ">
    <subfield code="a">Contenido: Biograf&#xED;a de Jos&#xE9; Uriel Garc&#xED;a. Neptali Acurio Echegaray. -- Do&#xF1;a Trinidad Enr&#xED;quez gran educadora cusque&#xF1;a. Alcides Estrada. -- El comportamiento del adolescente no comprendido los problemas educativos del ande. Mario Alberto Gilt Contreras. -- Prioridad de la evangelizaci&#xF3;n Isa&#xED;as Vargas Bueno ilustre maestro. Alejandro Otazu Abrill. -- Equilibrio ecol&#xF3;gico. Julia Carrillo de Cano. -- Gloria del Cuzco eterno. Del colombiano Jorge Isaes al cusque&#xF1;o Abraham Vizcarra Echave. Alberto Y&#xE9;pez Miranda. -- Santa Cecilia patrona universal del m&#xFA;sico referencia sint&#xE9;tica del himno nacional del Per&#xFA;. Eleodoro Justiniani. -- Historia del colegio de Las Mercedes. Luis Humberto Galimberti Miranda. -- Valor de la vivencia en la ense&#xF1;anza del Per&#xFA;. Armando Harvey Valencia....</subfield>
  </datafield>
  <datafield tag="650" ind1=" " ind2=" ">
    <subfield code="a">Instituciones educativas</subfield>
    <subfield code="9">34491</subfield>
  </datafield>
  <datafield tag="650" ind1=" " ind2=" ">
    <subfield code="a">Colegios del Cusco</subfield>
    <subfield code="9">24467</subfield>
  </datafield>
  <datafield tag="650" ind1=" " ind2=" ">
    <subfield code="a">Colegio Las Mercedes</subfield>
    <subfield code="9">43773</subfield>
  </datafield>
  <datafield tag="650" ind1=" " ind2=" ">
    <subfield code="a">Historia del Cusco</subfield>
    <subfield code="9">1714</subfield>
  </datafield>
  <datafield tag="650" ind1=" " ind2=" ">
    <subfield code="a">Poes&#xED;a cusque&#xF1;a</subfield>
    <subfield code="9">2323</subfield>
  </datafield>
  <datafield tag="650" ind1=" " ind2=" ">
    <subfield code="a">Intelectuales cusque&#xF1;os</subfield>
    <subfield code="9">46142</subfield>
  </datafield>
  <datafield tag="700" ind1=" " ind2=" ">
    <subfield code="a">P&#xE9;rez Ocampo, Gustavo</subfield>
    <subfield code="9">47147</subfield>
  </datafield>
  <datafield tag="700" ind1=" " ind2=" ">
    <subfield code="a">Cosio, Jos&#xE9; Gabriel</subfield>
    <subfield code="9">11720</subfield>
  </datafield>
  <datafield tag="700" ind1=" " ind2=" ">
    <subfield code="a">Garc&#xED;a, Jos&#xE9; Uriel</subfield>
    <subfield code="9">3684</subfield>
  </datafield>
  <datafield tag="700" ind1=" " ind2=" ">
    <subfield code="a">Y&#xE9;pez Miranda, Alfredo</subfield>
    <subfield code="9">4230</subfield>
  </datafield>
  <datafield tag="942" ind1=" " ind2=" ">
    <subfield code="2">ddc</subfield>
    <subfield code="c">PP</subfield>
  </datafield>
  <datafield tag="945" ind1=" " ind2=" ">
    <subfield code="a">rac</subfield>
  </datafield>
  <datafield tag="952" ind1=" " ind2=" ">
    <subfield code="0">0</subfield>
    <subfield code="2">ddc</subfield>
    <subfield code="4">0</subfield>
    <subfield code="7">0</subfield>
    <subfield code="a">HEM</subfield>
    <subfield code="b">HEM</subfield>
    <subfield code="c">CART</subfield>
    <subfield code="d">2022-02-07</subfield>
    <subfield code="g">5.00</subfield>
    <subfield code="o">LavozMercedaria/N&#xB0;2/1972</subfield>
    <subfield code="p">REVC000551</subfield>
    <subfield code="r">2022-02-07</subfield>
    <subfield code="y">PP</subfield>
  </datafield>
  <datafield tag="952" ind1=" " ind2=" ">
    <subfield code="0">0</subfield>
    <subfield code="2">ddc</subfield>
    <subfield code="4">0</subfield>
    <subfield code="7">0</subfield>
    <subfield code="a">HEM</subfield>
    <subfield code="b">HEM</subfield>
    <subfield code="c">CART</subfield>
    <subfield code="d">2022-02-07</subfield>
    <subfield code="g">5.00</subfield>
    <subfield code="o">LavozMercedaria/N&#xB0;2/1972/e.2</subfield>
    <subfield code="p">REVC000552</subfield>
    <subfield code="r">2022-02-07</subfield>
    <subfield code="y">PP</subfield>
  </datafield>
  <datafield tag="952" ind1=" " ind2=" ">
    <subfield code="0">0</subfield>
    <subfield code="2">ddc</subfield>
    <subfield code="4">0</subfield>
    <subfield code="7">0</subfield>
    <subfield code="a">HEM</subfield>
    <subfield code="b">HEM</subfield>
    <subfield code="c">CART</subfield>
    <subfield code="d">2022-02-07</subfield>
    <subfield code="g">5.00</subfield>
    <subfield code="o">LavozMercedaria/N&#xB0;2/1972/e.3</subfield>
    <subfield code="p">REVC000553</subfield>
    <subfield code="r">2022-02-07</subfield>
    <subfield code="y">PP</subfield>
  </datafield>
</record>
